Sports Quiz

Random Sports or NFL Quiz

NFL Pre-Favre Quiz Stats

 Plays Quiz Updated Dec 19, 2018

Support Sporcle.
Go Orange.
Score 0/28 Timer 08:00
2 Plays Today
Team Quarterback % Correct
49ersSteve Young
93.3%
BroncosJohn Elway
83.1%
DolphinsDan Marino
83%
CowboysTroy Aikman
80.2%
BillsJim Kelly
74.8%
OilersWarren Moon
73.4%
GiantsPhil Simms
66.9%
EaglesRandall Cunningham
65.5%
BengalsBoomer Esiason
60.1%
BuccaneersVinny Testaverde
59.6%
BearsJim Harbaugh
41.3%
RedskinsMark Rypien
38.1%
SteelersNeil O'Donnell
33.5%
RamsJim Everett
30.8%
Team Quarterback % Correct
VikingsRich Gannon
30.6%
ChiefsDave Krieg
29.7%
CardinalsChris Chandler
29.2%
JetsKen O'Brien
28.2%
PackersDon Majkowski
27.9%
ChargersStan Humphries
24.8%
SaintsBobby Hebert
20.9%
FalconsChris Miller
19.5%
LionsRodney Peete
18.5%
RaidersJay Schroeder
12.9%
BrownsBernie Kosar
8.6%
ColtsJack Trudeau
6.5%
PatriotsHugh Millen
5.1%
SeahawksKelly Stouffer
4.9%

From the Vault

Sporclin' Through the '90s VI

by kfastic

This is for all those '90s kids out there.
Remove Ads.
Support Sporcle.
Get the best of Sporcle when you Go Orange. This ad-free experience offers more features, more stats, and more fun while also helping to support Sporcle. Thank you for becoming a member.

Show Comments

Extras

Top Quizzes Today


Score Distribution

Your Account Isn't Verified!

In order to create a playlist on Sporcle, you need to verify the email address you used during registration. Go to your Sporcle Settings to finish the process.

Report this User

Report this user for behavior that violates our Community Guidelines.

Details: